ბათუმის შოთა რუსთაველის სახელმწიფო უნივერსიტეტის ბიბლიოთეკა

რუსულ-ქართული ლექსიკონი გრამატიკული ცნობარით (ბიბ.ჩანაწერი № 49290)

000 -LEADER
fixed length control field 00967nam a2200253Ia 4500
001 - CONTROL NUMBER
control field 16206
003 - CONTROL NUMBER IDENTIFIER
control field GE_BSU
008 - FIXED-LENGTH DATA ELEMENTS--GENERAL INFORMATION
fixed length control field 181216s||||||||xx |||||||||||||| ||und||
020 ## - INTERNATIONAL STANDARD BOOK NUMBER
International Standard Book Number ISBN 99940-0-646-0
040 ## - CATALOGING SOURCE
Transcribing agency GE_BSU
080 ## - UNIVERSAL DECIMAL CLASSIFICATION NUMBER
Universal Decimal Classification number 811.161.1(038)+811.353.1(038)
100 ## - MAIN ENTRY--PERSONAL NAME
Personal name სამუშია, შოთა
245 ## - TITLE STATEMENT
Title რუსულ-ქართული ლექსიკონი გრამატიკული ცნობარით
245 ## - TITLE STATEMENT
Remainder of title 32 ათასამდე სიტყვა
245 ## - TITLE STATEMENT
Statement of responsibility, etc. რედ.: ნათელა ჭყოიძე, ნანა სუხიტაშვილი
260 ## - PUBLICATION, DISTRIBUTION, ETC.
Place of publication, distribution, etc. თბილისი
260 ## - PUBLICATION, DISTRIBUTION, ETC.
Name of publisher, distributor, etc. აქართველოს მაცნე,
260 ## - PUBLICATION, DISTRIBUTION, ETC.
Date of publication, distribution, etc. 2006
300 ## - PHYSICAL DESCRIPTION
Extent 908გვ. ; 26სმ..
653 ## - INDEX TERM--UNCONTROLLED
Uncontrolled term ლექსიკონი
653 ## - INDEX TERM--UNCONTROLLED
Uncontrolled term რუსული ენის გრამატიკა-ცნობარი;
942 ## - ADDED ENTRY ELEMENTS (KOHA)
Koha item type წიგნი
ეგზემპლარები
Withdrawn status Lost status Damaged status Not for loan Date acquired Barcode Date last seen Price effective from Koha item type
        2018-12-17 39992 2018-12-17 2018-12-17 წიგნი
        2018-12-17 39993 2018-12-17 2018-12-17 წიგნი
        2018-12-17 39994 2018-12-17 2018-12-17 წიგნი